000
00202nam a2200085Ia 4500
008
120527s9999 xx 000 0 und d
100
_a
Blang, Mark
245
_a
Economics theory in retrospect
942
_c
BK
999
_c
27240
_d
27240